| 000 | 01321nam a2200325 i 4500 | ||
|---|---|---|---|
| 001 | 57591 | ||
| 003 | Mx-PuUPA | ||
| 005 | 20260205100924.0 | ||
| 008 | 140415s1993 nyu fr 000 0 eng d | ||
| 020 |
_a9780898621839 _qpasta dura |
||
| 020 | _a0898621836 | ||
| 040 |
_cMx-PuUPA _aMx-PuUPA _bspa _dMx-PuUPA _erda |
||
| 041 | 0 | _aeng | |
| 100 | 1 |
_aLinehan, Marsha, _eautor _917135 |
|
| 245 | 1 | 0 |
_aCognitive-behavioral treatment of borderline personality disorder / _cMarsha M. Linehan |
| 264 | 1 |
_aNew York : _bThe Guilford Press, _c©1993 |
|
| 300 |
_axvii, 558 páginas ; _c25 cm |
||
| 336 |
_2rdacontent _atexto _btxt |
||
| 337 |
_2rdamedia _asin medio _bn |
||
| 338 |
_2rdacarrier _avolumen _bnc |
||
| 490 | 0 | _aDiagnosis and treatment of mental disorders. | |
| 650 | 7 |
_2armarc _aTrastorno límite de la personalidad _xTratamiento |
|
| 650 | 7 |
_2armarc _aTerapia cognitiva |
|
| 650 | 7 |
_2armarc _aTrastorno límite de la personalidad _xTerapia |
|
| 942 |
_2ddc _cLI _h616.858520651 _iL73 |
||
| 999 |
_c57591 _d57591 |
||